[Event "SR 3. liga A2 2010/2011"]
[Site "?"]
[Date "2011.02.27"]
[Round "9.1"]
[White "Mihalik, Marek"]
[Black "Kovacocy, Pavel"]
[Result "1/2-1/2"]
[WhiteElo "2080"]
[BlackElo "2239"]
[PlyCount "59"]
[EventDate "2010.??.??"]
[WhiteTeam "Slovakia"]
[BlackTeam "II"]
[WhiteTeamCountry "SVK"]
[BlackTeamCountry "SVK"]

1. d4 g6 2. e4 Bg7 3. Nf3 c5 4. c3 cxd4 5. cxd4 d5 6. exd5 Nf6 7. Bb5+ Bd7 8.
Bc4 O-O 9. O-O Bg4 10. h3 Bxf3 11. Qxf3 Qb6 12. Rd1 Na6 13. Nc3 Rfd8 14. Bb3
Nc7 15. Bf4 Nb5 16. Be5 Nd6 17. Rac1 Qa5 18. Na4 Rac8 19. Rc5 b5 20. Rxc8 Rxc8
21. Nc5 Qd8 22. a4 bxa4 23. Nxa4 Qa5 24. Nc5 Qb4 25. Ra1 Nc4 26. Qc3 Qxc3 27.
bxc3 Nxe5 28. dxe5 Rxc5 29. exf6 Bxf6 30. Rxa7 $11 1/2-1/2

[Event "SR 3. liga A2 2010/2011"]
[Site "?"]
[Date "2011.02.27"]
[Round "9.1"]
[White "Pribila, Gerhard"]
[Black "Stetina, Erik"]
[Result "1/2-1/2"]
[WhiteElo "2032"]
[BlackElo "2025"]
[PlyCount "86"]
[EventDate "2010.??.??"]
[WhiteTeam "Slovakia"]
[BlackTeam "II"]
[WhiteTeamCountry "SVK"]
[BlackTeamCountry "SVK"]

1. e4 e5 2. Nf3 Nc6 3. d4 exd4 4. Nxd4 Qh4 5. Nc3 Bb4 6. Ndb5 Bxc3+ 7. bxc3 Qd8
8. Qg4 g6 9. Qf4 d6 10. Bb2 a6 11. Nd4 Ne5 12. c4 Qf6 13. Qxf6 Nxf6 14. f4 Neg4
15. e5 dxe5 16. fxe5 Ne4 17. Bd3 Nc5 18. O-O Ne6 19. h3 Nh6 20. g4 Ng8 21. Rab1
Ne7 22. Bc3 O-O 23. Nxe6 fxe6 24. Rxf8+ Kxf8 25. Be4 Rb8 26. Kf2 b6 27. Ke3 Bd7
28. Bb4 Ke8 29. h4 Bc6 30. Rf1 Bxe4 31. Kxe4 c5 32. Bd2 Nc6 33. Bg5 Rb7 34. Rf6
$11 Nd8 35. Rf3 Nf7 36. Bd2 Rd7 37. Rd3 Nd8 38. Bc3 Nc6 39. Rxd7 Kxd7 40. a3
Ne7 41. Kf4 h6 42. Bd2 Ke8 43. a4 a5 $11 1/2-1/2

[Event "SR 3. liga A2 2010/2011"]
[Site "?"]
[Date "2011.02.27"]
[Round "9.1"]
[White "Sebesta, Radovan"]
[Black "Blatnicky, Miroslav"]
[Result "1/2-1/2"]
[WhiteElo "2076"]
[BlackElo "2119"]
[PlyCount "94"]
[EventDate "2010.??.??"]
[WhiteTeam "Slovakia"]
[BlackTeam "II"]
[WhiteTeamCountry "SVK"]
[BlackTeamCountry "SVK"]

1. d4 d5 2. c4 e6 3. Nc3 Nf6 4. cxd5 exd5 5. Bg5 c6 6. e3 Bd6 7. Bd3 h6 8. Bh4
Be6 9. Nge2 Nbd7 10. Qc2 O-O 11. Bg3 Qe7 12. O-O Rfe8 13. Bxd6 Qxd6 14. Nf4 Nf8
15. a3 Re7 16. Rfc1 Rae8 17. Nce2 Bc8 18. Ng3 g6 19. b4 a6 20. Rab1 Kg7 21. a4
Ne6 22. Nxe6+ Rxe6 23. b5 axb5 24. axb5 Bd7 25. Bf5 cxb5 26. Bxe6 fxe6 27. Qc7
Qe7 28. Qxb7 e5 29. dxe5 Qxe5 30. Rc7 Re7 31. Rxb5 Kf7 32. Rb1 h5 33. h3 h4 34.
Ne2 g5 35. Qb8 g4 36. Rxd7 Nxd7 37. Qxe5 Nxe5 38. hxg4 Nxg4 39. Rb4 Re4 40.
Rb7+ Kf6 41. Nd4 Re8 42. Rb6+ Kf7 43. Rb7+ Kf6 44. Kf1 Ra8 45. Rb2 Ra1+ 46. Ke2
Rg1 47. Rb6+ Kf7 $11 1/2-1/2

[Event "SR 3. liga A2 2010/2011"]
[Site "?"]
[Date "2011.02.27"]
[Round "9.1"]
[White "Veselsky, Jozef"]
[Black "Kapusta, Petr"]
[Result "1/2-1/2"]
[WhiteElo "2118"]
[BlackElo "2172"]
[PlyCount "123"]
[EventDate "2010.??.??"]
[WhiteTeam "Slovakia"]
[BlackTeam "II"]
[WhiteTeamCountry "SVK"]
[BlackTeamCountry "SVK"]

1. d4 Nf6 2. Nf3 g6 3. c4 Bg7 4. Nc3 O-O 5. e4 d6 6. Be2 e5 7. dxe5 dxe5 8.
Qxd8 Rxd8 9. Bg5 c6 10. Nxe5 Re8 11. f4 h6 12. Bxf6 Bxf6 13. O-O-O Bxe5 14.
fxe5 Nd7 15. e6 Rxe6 16. Bg4 Re7 17. Rhf1 Kg7 18. b3 Ne5 19. Bxc8 Rxc8 20. h3
b5 21. cxb5 cxb5 22. Kb2 Rec7 23. Nxb5 Rc2+ 24. Kb1 Rxg2 25. Rc1 Rb8 26. Nxa7
Rb4 27. Rc7 Rxe4 28. Nc6 Nf3 29. Rc1 Ree2 30. Nb4 Rh2 31. R1c2 Nd2+ 32. Kb2
Rxh3 33. Rd7 Rhh2 34. a4 Ne4 35. Rdc7 h5 36. a5 Nd6 37. a6 Nb5 38. Rb7 Rxc2+
39. Nxc2 Nd4 40. a7 Rxc2+ 41. Kb1 Rc8 42. Rb8 Nc6 43. Rxc8 Nxa7 44. Rc5 h4 45.
Kc2 Kh6 46. Kd2 f5 47. Ke2 Kg5 48. Kf3 Kf6 49. b4 g5 50. b5 g4+ 51. Kf2 Nxb5
52. Rxb5 f4 53. Kg2 h3+ 54. Kh2 Kg6 55. Ra5 Kf6 56. Rh5 Kg6 57. Rh8 Kg5 58. Kg1
Kf5 59. Kf2 g3+ 60. Kf3 h2 61. Rh7 Kg6 62. Rh8 1/2-1/2

[Event "SR 3. liga A2 2010/2011"]
[Site "?"]
[Date "2011.02.27"]
[Round "9.2"]
[White "Bjel, Jan"]
[Black "Palka, Miroslav"]
[Result "0-1"]
[WhiteElo "1883"]
[BlackElo "1935"]
[PlyCount "62"]
[EventDate "2010.??.??"]
[WhiteTeam "Slovakia"]
[BlackTeam "II"]
[WhiteTeamCountry "SVK"]
[BlackTeamCountry "SVK"]

1. d4 d5 2. c4 e6 3. Nc3 Nf6 4. Bg5 c6 5. e3 Nbd7 6. Nf3 Qa5 7. a3 Ne4 8. Rc1
Nxg5 9. Nxg5 dxc4 10. Nge4 b5 11. Be2 Bb7 12. O-O Be7 13. Qd2 Qc7 14. a4 a6 15.
Na2 c5 16. Ng3 cxd4 17. Qxd4 Bf6 18. Qd2 Nc5 19. Bd1 O-O 20. Nh5 Qe5 21. Nxf6+
gxf6 22. Nc3 Nd3 23. Rb1 Rad8 24. Qe2 b4 25. Na2 Kh8 26. Qh5 Rg8 27. g3 Qe4 28.
f3 Qxe3+ 29. Kh1 Rg6 30. Qh4 Nf2+ 31. Kg2 Nxd1 0-1

[Event "SR 3. liga A2 2010/2011"]
[Site "?"]
[Date "2011.02.27"]
[Round "9.2"]
[White "Bukovsky, Milan"]
[Black "Kocak, Branislav"]
[Result "1/2-1/2"]
[WhiteElo "1985"]
[BlackElo "1927"]
[PlyCount "104"]
[EventDate "2010.??.??"]
[WhiteTeam "Slovakia"]
[BlackTeam "II"]
[WhiteTeamCountry "SVK"]
[BlackTeamCountry "SVK"]

1. c4 Nf6 2. Nc3 d6 3. d4 g6 4. e4 Bg7 5. f3 O-O 6. Bg5 h6 7. Be3 e5 8. Nge2 c6
9. Qd2 Kh7 10. Rd1 Qe7 11. dxe5 dxe5 12. Na4 Na6 13. Ng3 Be6 14. Be2 Rfd8 15.
Qc3 Rxd1+ 16. Bxd1 Qb4 17. Bb3 Qxc3+ 18. Nxc3 Nd7 19. Na4 Bf8 20. Kd2 Nac5 21.
Nxc5 Bxc5 22. Rd1 Kg7 23. Bxc5 Nxc5 24. Kc3 a5 25. Bc2 Kf8 26. Ne2 Ke7 27. Nc1
Rd8 28. Rxd8 Kxd8 29. b4 axb4+ 30. Kxb4 Nd7 31. c5 Kc7 32. Bb3 Bxb3 33. Nxb3 b6
34. a4 f5 35. cxb6+ Nxb6 36. a5 Nc8 37. Kc5 fxe4 38. fxe4 Nd6 39. Nd2 Nb7+ 40.
Kb4 Nd6 41. Nc4 Nxe4 42. Nxe5 g5 43. Kc4 Nd2+ 44. Kc3 Nf1 45. h3 Ne3 46. g4
Nd5+ 47. Kd4 Nf4 48. Nf7 Nxh3 49. Nxh6 Kb7 50. Kc4 Nf2 51. Nf7 Nxg4 52. Nxg5
Ne5+ 1/2-1/2

[Event "SR 3. liga A2 2010/2011"]
[Site "?"]
[Date "2011.02.27"]
[Round "9.2"]
[White "Cechovic, Stefan"]
[Black "Manak, Adrian"]
[Result "1/2-1/2"]
[WhiteElo "2190"]
[BlackElo "1909"]
[PlyCount "101"]
[EventDate "2010.??.??"]
[WhiteTeam "Slovakia"]
[BlackTeam "II"]
[WhiteTeamCountry "SVK"]
[BlackTeamCountry "SVK"]

1. Nf3 d5 2. d4 Nf6 3. g3 Bf5 4. Bg2 e6 5. O-O h6 6. c4 c6 7. Nc3 Be7 8. Nd2
Qb6 9. c5 Qc7 10. b4 Nbd7 11. Nb3 e5 12. dxe5 Nxe5 13. Nd4 Bg6 14. Bh3 a5 15.
Qb3 Nfd7 16. Bxd7+ Nxd7 17. Bf4 Qd8 18. a3 O-O 19. Rfd1 axb4 20. axb4 Rxa1 21.
Rxa1 Bf6 22. e3 Ne5 23. Bxe5 Bxe5 24. Qd1 Qd7 25. Ra7 Rb8 26. b5 cxb5 27. Ncxb5
Qc8 28. Qc1 Bd3 29. f4 Bxd4 30. Nxd4 Bc4 31. Qb2 Qxc5 32. Rxb7 Rxb7 33. Qxb7
Bd3 34. Qc6 Qa5 35. Qc1 Qa2 36. Qe1 Be4 37. Ne2 Qb2 38. h3 h5 39. Kf2 Bf5 40.
Kg2 Be4+ 41. Kf2 Qc2 42. Qc3 Qd1 43. Qe1 Qb3 44. Qc3 Qb1 45. Qc1 Qb7 46. Nd4
Qa6 47. Qd1 g6 48. g4 Qc8 49. Kg3 hxg4 50. hxg4 Kg7 51. Ne2 1/2-1/2

[Event "SR 3. liga A2 2010/2011"]
[Site "?"]
[Date "2011.02.27"]
[Round "9.2"]
[White "Janko, Ladislav"]
[Black "Sekera, Branislav"]
[Result "1/2-1/2"]
[WhiteElo "2239"]
[BlackElo "2149"]
[Annotator ",Gajarsky"]
[PlyCount "57"]
[EventDate "2010.??.??"]
[WhiteTeam "Slovakia"]
[BlackTeam "II"]
[WhiteTeamCountry "SVK"]
[BlackTeamCountry "SVK"]

1. e4 c5 2. Nf3 Nc6 3. d4 cxd4 4. Nxd4 e5 5. Nb5 d6 6. a4 Nf6 7. N1c3 Be6 8.
Be3 a6 9. Na3 d5 10. exd5 Nxd5 11. Nxd5 Bxd5 12. Nc4 Bxc4 13. Bxc4 Be7 14. O-O
O-O 15. Qg4 Qc7 16. Bh6 Bf6 17. Ra3 Kh8 18. Rf3 Rg8 19. Qe4 Nd4 20. Bd3 Nxf3+
21. Qxf3 Qe7 22. Be3 Rge8 23. Be4 Rac8 24. Bd2 Rc7 25. Ba5 Rd7 26. Bb4 Qd8 27.
Ba5 Qe7 28. Bb4 Qd8 29. Ba5 1/2-1/2

[Event "SR 3. liga A2 2010/2011"]
[Site "?"]
[Date "2011.02.27"]
[Round "9.2"]
[White "Kovarik, Oto"]
[Black "Merva, Frantisek"]
[Result "1-0"]
[WhiteElo "2025"]
[BlackElo "2038"]
[PlyCount "67"]
[EventDate "2010.??.??"]
[WhiteTeam "Slovakia"]
[BlackTeam "II"]
[WhiteTeamCountry "SVK"]
[BlackTeamCountry "SVK"]

1. e4 e5 2. Nf3 Nc6 3. Bb5 a6 4. Bxc6 dxc6 5. h3 f6 6. O-O Ne7 7. d4 exd4 8.
Nxd4 c5 9. Nf3 Qxd1 10. Rxd1 Ng6 11. c4 Bd6 12. Nc3 O-O 13. Be3 f5 14. e5 Nxe5
15. Nxe5 Bxe5 16. Bxc5 Re8 17. Bd4 Bd6 18. c5 Be7 19. Nd5 Bd8 20. Be3 Be6 21.
b4 c6 22. Nf4 Kf7 23. Nxe6 Rxe6 24. Rd7+ Re7 25. Rad1 Ke8 26. R7d4 a5 27. Bg5
axb4 28. Bxe7 Bxe7 29. Rxb4 Bxc5 30. Rxb7 Rxa2 31. Rxg7 Bxf2+ 32. Kh1 f4 33.
Rxh7 c5 34. Rb1 1-0

[Event "SR 3. liga A2 2010/2011"]
[Site "?"]
[Date "2011.02.27"]
[Round "9.2"]
[White "Strakac, Petr"]
[Black "Meszaros, Lorant"]
[Result "1-0"]
[WhiteElo "2046"]
[BlackElo "2076"]
[PlyCount "77"]
[EventDate "2010.??.??"]
[WhiteTeam "Slovakia"]
[BlackTeam "II"]
[WhiteTeamCountry "SVK"]
[BlackTeamCountry "SVK"]

1. e4 e5 2. Nf3 Nc6 3. Bb5 a6 4. Bxc6 dxc6 5. d4 exd4 6. Qxd4 Qxd4 7. Nxd4 Bd7
8. Be3 O-O-O 9. Nd2 Re8 10. O-O-O b6 11. Rhe1 Nf6 12. f3 c5 13. Ne2 Nd5 14. Bf2
Nb4 15. Nc3 Be6 16. a3 Nc6 17. Nf1 g6 18. Ne3 h5 19. Ned5 Bg7 20. Bh4 Kb7 21.
Nf6 Bh6+ 22. Kb1 Rc8 23. Ncd5 g5 24. Bg3 h4 25. Bf2 Ne5 26. Be3 c6 27. Ne7 Rb8
28. h3 Kc7 29. Nf5 Bxf5 30. exf5 Rbd8 31. Bd2 Nc4 32. Bc3 Rxd1+ 33. Rxd1 Rd8
34. Rxd8 Kxd8 35. Ng8 Bf8 36. Bf6+ Kd7 37. Bxg5 Nd6 38. Nf6+ Kc8 39. Nh7 1-0

[Event "SR 3. liga A2 2010/2011"]
[Site "?"]
[Date "2011.02.27"]
[Round "9.3"]
[White "Kastler, Peter"]
[Black "Halas, Miroslav"]
[Result "0-1"]
[WhiteElo "1711"]
[BlackElo "1935"]
[PlyCount "66"]
[EventDate "2010.??.??"]
[WhiteTeam "Slovakia"]
[BlackTeam "II"]
[WhiteTeamCountry "SVK"]
[BlackTeamCountry "SVK"]

1. d4 Nf6 2. c4 e6 3. Nc3 d5 4. Nf3 c6 5. Bg5 Nbd7 6. e3 Qa5 7. Bxf6 Nxf6 8.
Nd2 Bb4 9. Qc2 O-O 10. Bd3 Re8 11. O-O dxc4 12. Nxc4 Qg5 13. Ne5 Bd6 14. f4 Qh6
15. Rf3 g6 16. Ne4 Nxe4 17. Bxe4 f6 18. Nc4 Bc7 19. g4 e5 20. fxe5 $11 fxe5 21.
h3 exd4 22. exd4 Be6 23. Ne3 Bb6 24. Qc3 Qg7 25. Nc2 Bxg4 26. Bxc6 Bxf3 27.
Bxe8 Qf6 28. Qc4+ Kh8 29. Bb5 Qg5+ 30. Kf2 Qg2+ 31. Ke1 a6 32. Bd7 Bc7 33. Qf1
Bg3+ 0-1

[Event "SR 3. liga A2 2010/2011"]
[Site "?"]
[Date "2011.02.27"]
[Round "9.3"]
[White "Kozinka, Roman"]
[Black "Dvorsky, Jozef"]
[Result "0-1"]
[WhiteElo "2049"]
[BlackElo "2024"]
[Annotator ",Gajarsky"]
[PlyCount "48"]
[EventDate "2010.??.??"]
[WhiteTeam "Slovakia"]
[BlackTeam "II"]
[WhiteTeamCountry "SVK"]
[BlackTeamCountry "SVK"]

1. c4 e5 2. g3 f5 3. Bg2 Nf6 4. Nf3 d6 5. b4 Be7 6. Bb2 O-O 7. Nc3 c6 8. Qc2 e4
9. Nd4 d5 10. cxd5 cxd5 11. Ncb5 Na6 12. a3 Bd7 13. Qb3 Qb6 14. a4 Bxb4 15. O-O
Be7 16. a5 Qd8 17. Ba3 b6 18. axb6 axb6 19. Nc3 Bxa3 20. Nxd5 Kh8 21. Nxb6 Nc5
22. Qb1 Rb8 23. Rxa3 Qxb6 24. Qa2 Qb2 {Time} 0-1

[Event "SR 3. liga A2 2010/2011"]
[Site "?"]
[Date "2011.02.27"]
[Round "9.3"]
[White "Mihalik, Anton"]
[Black "Machalova, Erika"]
[Result "1/2-1/2"]
[WhiteElo "1919"]
[BlackElo "2161"]
[PlyCount "39"]
[EventDate "2010.??.??"]
[WhiteTeam "Slovakia"]
[BlackTeam "II"]
[WhiteTeamCountry "SVK"]
[BlackTeamCountry "SVK"]

1. c4 e5 2. Nc3 g6 3. Nf3 Bg7 4. d4 exd4 5. Nxd4 Ne7 6. e4 Nbc6 7. Be3 d6 8.
Be2 O-O 9. O-O f5 10. f3 fxe4 11. fxe4 Rxf1+ 12. Kxf1 Ne5 13. Kg1 N7c6 14. Nd5
Nxd4 15. Bxd4 Bd7 16. Qd2 Be6 17. b3 c6 18. Nc3 Qe7 19. Rd1 b6 20. Bf2 $11
1/2-1/2

[Event "SR 3. liga A2 2010/2011"]
[Site "?"]
[Date "2011.02.27"]
[Round "9.3"]
[White "Obdrzalkova, Anita"]
[Black "Jozefovic, Milan"]
[Result "0-1"]
[WhiteElo "2014"]
[BlackElo "1917"]
[PlyCount "80"]
[EventDate "2010.??.??"]
[WhiteTeam "Slovakia"]
[BlackTeam "II"]
[WhiteTeamCountry "SVK"]
[BlackTeamCountry "SVK"]

1. d4 d5 2. Nf3 Nf6 3. c4 e6 4. Nc3 Be7 5. Bg5 a6 6. e3 c6 7. Rc1 Nbd7 8. cxd5
exd5 9. Bd3 h6 10. Bh4 O-O 11. O-O Re8 12. Bb1 Ne4 13. Bxe7 Qxe7 14. Qc2 Ndf6
15. Ne5 Bf5 16. Nd3 Nxc3 17. Qxc3 Ne4 18. Qc2 Nd6 19. Rfe1 Qg5 20. Kh1 Re6 21.
Qe2 Rae8 22. Qf1 Nc4 23. Nf4 R6e7 24. Bxf5 Qxf5 25. b3 Nd2 26. Qe2 Nxb3 27.
axb3 Qxf4 28. Qd2 Qe4 29. Qb4 Qh4 30. Rf1 Qe4 31. Ra1 Qe6 32. Ra2 Qd7 33. Ra4
Re4 34. Qb6 R8e7 35. Rb4 Qf5 36. Kg1 Kh7 37. Ra1 R4e6 38. Qa7 Rf6 39. Rf1 Rxe3
40. f3 Re2 0-1

[Event "SR 3. liga A2 2010/2011"]
[Site "?"]
[Date "2011.02.27"]
[Round "9.3"]
[White "Skapikova, Lubica"]
[Black "Bjel, Tomas"]
[Result "1-0"]
[WhiteElo "1926"]
[BlackElo "1743"]
[PlyCount "85"]
[EventDate "2010.??.??"]
[WhiteTeam "Slovakia"]
[BlackTeam "II"]
[WhiteTeamCountry "SVK"]
[BlackTeamCountry "SVK"]

1. e4 e5 2. Nf3 Nc6 3. Bb5 d6 4. O-O Nf6 5. Re1 Bd7 6. c3 a6 7. Ba4 Be7 8. d4
b5 9. Bc2 Bg4 10. d5 Na5 11. Nbd2 c5 12. Nf1 O-O 13. h3 Bh5 14. Ng3 Bg6 15. a4
Qb6 16. Nh4 b4 17. Nhf5 Qc7 18. h4 h6 19. f4 Rfd8 20. fxe5 dxe5 21. h5 Bh7 22.
Ne3 b3 23. Bb1 Qd7 24. Ngf5 c4 25. Ng4 Bxf5 26. exf5 Qxd5 27. Nxf6+ Bxf6 28.
Qxd5 Rxd5 29. Be4 Rad8 30. Bxd5 Rxd5 31. Be3 e4 32. g4 Bh4 33. Re2 Bd8 34. Bd4
Nc6 35. Rxe4 Nxd4 36. cxd4 Bb6 37. Rd1 Kf8 38. Kf1 Ba5 39. Ke2 c3 40. bxc3 Bxc3
41. Kd3 Ba5 42. Rb1 Bd8 43. Rxb3 1-0

[Event "SR 3. liga A2 2010/2011"]
[Site "?"]
[Date "2011.02.27"]
[Round "9.3"]
[White "Szitasi, Janos"]
[Black "Kubis, Ivan"]
[Result "1-0"]
[WhiteElo "2020"]
[BlackElo "1980"]
[PlyCount "120"]
[EventDate "2010.??.??"]
[WhiteTeam "Slovakia"]
[BlackTeam "II"]
[WhiteTeamCountry "SVK"]
[BlackTeamCountry "SVK"]

1. e4 e5 2. Nf3 Nc6 3. Bc4 Nf6 4. Ng5 d5 5. exd5 Na5 6. Bb5+ c6 7. dxc6 bxc6 8.
Be2 h6 9. Nf3 e4 10. Ne5 Bd6 11. d4 exd3 12. Nxd3 Qc7 13. h3 O-O 14. O-O Bf5
15. Nd2 c5 16. b3 Rad8 17. Bb2 Nd5 18. Nc4 Nxc4 19. bxc4 Nb6 20. Bg4 Bg6 21.
Qf3 Nxc4 22. Bc3 Na3 23. Bf5 Nb5 24. Bb2 Bxf5 25. Qxf5 Rfe8 26. Rfe1 Nd4 27.
Qg4 f5 28. Qh5 Qf7 29. Qxf7+ Kxf7 30. Bxd4 cxd4 31. Rxe8 Rxe8 32. Rb1 Rc8 33.
Rb7+ Rc7 34. Rxc7+ Bxc7 35. Kf1 Ke6 36. Ke2 Kd5 37. Nb2 Ke4 38. Nc4 g5 39. Nd2+
Kd5 40. Kd3 Bd6 41. Nc4 Bb4 42. Nb2 h5 43. f3 Bc3 44. Nd1 Ba1 45. Nf2 Ke5 46.
h4 gxh4 47. Nh3 Bc3 48. f4+ Kd5 49. Ng5 Ba5 50. Nf3 h3 51. gxh3 Bb6 52. Nh4 Bd8
53. Nxf5 Bf6 54. Ng3 h4 55. Ne4 Be7 56. Ng5 Bd6 57. Nf3 Be7 58. Nxd4 Bf6 59.
Nb3 Bb2 60. c4+ Kc6 1-0

[Event "SR 3. liga A2 2010/2011"]
[Site "?"]
[Date "2011.02.27"]
[Round "9.4"]
[White "Hrubsa, Marian"]
[Black "Szekely, Stefan"]
[Result "1-0"]
[WhiteElo "1979"]
[BlackElo "1976"]
[PlyCount "101"]
[EventDate "2010.??.??"]
[WhiteTeam "Slovakia"]
[BlackTeam "II"]
[WhiteTeamCountry "SVK"]
[BlackTeamCountry "SVK"]

1. e4 d6 2. d4 Nf6 3. Nc3 g6 4. f4 Bg7 5. Nf3 O-O 6. Be2 c5 7. dxc5 Qa5 8. Bd2
Qxc5 $11 9. Bd3 Na6 10. a3 d5 11. e5 Ne4 12. Nxe4 dxe4 13. Bxe4 Rd8 14. Qe2 Qb6
15. b4 Bg4 16. Be3 Qc7 17. O-O Nb8 18. c4 Nc6 19. Qf2 Bxf3 20. Qxf3 Nd4 21.
Bxd4 Rxd4 22. c5 a5 23. Bxb7 Rb8 24. c6 axb4 25. axb4 Rxb4 26. Ra8 Bf8 27. Rxb8
Qxb8 28. Qc3 Rxb7 29. cxb7 Qxb7 30. Qd4 e6 31. h3 Qb5 32. Rc1 Kg7 33. Rc7 h5
34. Qa7 Qb1+ 35. Kh2 Qf5 36. Qe3 Bb4 37. Rc4 Be7 38. Qg3 h4 39. Qe3 Bf8 40. Rc8
Be7 41. Rc4 Qb1 42. Rc7 Bd8 43. Rc6 Ba5 44. Rc1 Qb2 45. Rd1 Bb6 46. Qd3 Bf2 47.
Qd8 Bg3+ 48. Kh1 Qe2 49. Qf6+ Kh6 50. Rb1 Qc2 51. Qh8# 1-0

[Event "SR 3. liga A2 2010/2011"]
[Site "?"]
[Date "2011.02.27"]
[Round "9.4"]
[White "Husek, Lubomir"]
[Black "Ujhelyi, Matus"]
[Result "0-1"]
[WhiteElo "1786"]
[BlackElo "2006"]
[PlyCount "115"]
[EventDate "2010.??.??"]
[WhiteTeam "Slovakia"]
[BlackTeam "II"]
[WhiteTeamCountry "SVK"]
[BlackTeamCountry "SVK"]

1. e4 e6 2. d4 d5 3. e5 c5 4. c3 Nc6 5. Nf3 Qb6 6. a3 cxd4 7. cxd4 Nge7 8. b4
a6 9. Be2 Bd7 10. O-O Rc8 11. Bb2 Ng6 12. Qd2 Be7 13. Nc3 O-O 14. Na4 Qc7 15.
Rac1 f6 16. Nc5 fxe5 17. Nxd7 Qxd7 18. Nxe5 Ncxe5 19. dxe5 Nf4 20. Rxc8 Qxc8
21. Rc1 Qe8 22. Rc7 Qg6 23. Bf3 Qg5 24. Qd1 Bd8 25. Rxb7 Qg6 26. Bd4 Nh3+ 27.
Kf1 Ng5 28. Be2 Ne4 29. Rb8 Qf5 30. f3 Qf4 31. Kg1 Ng5 32. Bxa6 h5 33. Bc5 Qxe5
34. Rc8 Nf7 35. Bxf8 Kxf8 36. b5 g6 37. a4 Kg7 38. Rc6 Bc7 39. g3 Qe3+ 40. Kh1
Bb6 41. Bc8 Ng5 42. h4 Nxf3 43. Rxe6 Ne5 44. Rxb6 Qxb6 45. Qxd5 Qf6 46. Kg2 Nf7
47. Qd1 Qb2+ 48. Kh3 Ne5 49. Bd7 Qf2 50. Qa1 Qe2 51. a5 Kh6 52. Qc1+ Kh7 53.
Bc6 Nd3 54. Bg2 Nxc1 55. b6 Qe6+ 56. Kh2 Qc8 57. b7 Qb8 58. a6 0-1

[Event "SR 3. liga A2 2010/2011"]
[Site "?"]
[Date "2011.02.27"]
[Round "9.4"]
[White "Krchnak, Rudolf"]
[Black "Lanik, Miroslav"]
[Result "1/2-1/2"]
[WhiteElo "1886"]
[BlackElo "1871"]
[PlyCount "84"]
[EventDate "2010.??.??"]
[WhiteTeam "Slovakia"]
[BlackTeam "II"]
[WhiteTeamCountry "SVK"]
[BlackTeamCountry "SVK"]

1. d4 d5 2. Nc3 e6 3. Nf3 Nf6 4. Bg5 h6 5. Bh4 Nbd7 6. e3 c6 7. Bd3 Qb6 8. Na4
Qc7 9. Bg3 Bd6 10. Bxd6 Qxd6 11. O-O O-O 12. b3 e5 13. dxe5 Nxe5 14. Nxe5 Qxe5
15. Be2 Ne4 16. Qd4 Re8 17. Qxe5 Rxe5 18. c4 dxc4 19. bxc4 Ra5 20. f3 Rxa4 21.
fxe4 Be6 22. Rfc1 Rd8 23. Rc2 Kf8 24. Kf2 Ke7 25. Ke1 Kf6 26. Rd1 Rxd1+ 27.
Kxd1 Ke5 28. Bd3 f5 29. exf5 Bxf5 30. Bxf5 Kxf5 31. Rf2+ $11 Ke6 32. Rc2 g5 33.
Ke2 Ke5 34. Kf3 c5 35. g4 Ra6 36. Rb2 Rf6+ 37. Ke2 b6 38. Rd2 Rf7 39. Rd5+ Ke6
40. Rd8 Rh7 41. Re8+ Kd7 42. Rg8 Ke6 $11 1/2-1/2

[Event "SR 3. liga A2 2010/2011"]
[Site "?"]
[Date "2011.02.27"]
[Round "9.4"]
[White "Krist, Milan"]
[Black "Valla, Tomas"]
[Result "1/2-1/2"]
[WhiteElo "2004"]
[BlackElo "1790"]
[PlyCount "95"]
[EventDate "2010.??.??"]
[WhiteTeam "Slovakia"]
[BlackTeam "II"]
[WhiteTeamCountry "SVK"]
[BlackTeamCountry "SVK"]

1. d4 Nf6 2. Nf3 c5 3. d5 e6 4. c4 exd5 5. cxd5 d6 6. Nc3 a6 7. a4 Qe7 8. g3 g6
9. Bg2 Bg7 10. O-O O-O 11. Re1 Re8 12. Bg5 h6 13. Bd2 Ng4 14. e3 Nd7 15. a5
Nge5 16. Qc2 Nxf3+ 17. Bxf3 Ne5 18. Bg2 Bg4 19. b3 Nf3+ 20. Bxf3 Bxf3 21. Ra4
Qd7 22. Rf4 Bg4 23. f3 Bh3 24. Ne4 Bf5 25. g4 Bxe4 26. Rxe4 Re5 27. Rxe5 Bxe5
28. Kg2 Re8 29. e4 Kh7 30. Qc1 Bg7 31. Bf4 g5 32. Bd2 Rb8 33. Qc2 Kg8 34. Bc3
b5 35. axb6 Rxb6 36. Bxg7 Kxg7 37. Qc3+ f6 38. Ra1 Qb7 39. Ra3 Kg6 40. Qd3 Kf7
41. Kg3 a5 42. Qc3 Rb4 43. Rxa5 Rxb3 44. Qa1 Qe7 45. Ra7 Rb7 46. Ra8 Kg7 47.
Kh3 Rc7 48. Qa4 1/2-1/2

[Event "SR 3. liga A2 2010/2011"]
[Site "?"]
[Date "2011.02.27"]
[Round "9.4"]
[White "Liptak, Dusan"]
[Black "Nemsak, Denis"]
[Result "1-0"]
[WhiteElo "2086"]
[BlackElo "1791"]
[PlyCount "93"]
[EventDate "2010.??.??"]
[WhiteTeam "Slovakia"]
[BlackTeam "II"]
[WhiteTeamCountry "SVK"]
[BlackTeamCountry "SVK"]

1. d4 f5 2. g3 g6 3. Bg2 Bg7 4. Nf3 Nf6 5. O-O d6 6. c3 O-O 7. Qb3+ e6 8. Ng5
d5 9. Nf3 Qe7 10. Bf4 c6 11. a4 h6 12. Bxb8 Rxb8 13. Ne5 g5 14. Nxc6 bxc6 15.
Qxb8 Ba6 16. Qb3 f4 17. Re1 fxg3 18. hxg3 Ng4 19. Bf3 Nxf2 20. Kxf2 g4 21. Kg2
gxf3+ 22. exf3 h5 23. Nd2 Qg5 24. Nf1 h4 25. Qc2 Bxf1+ 26. Rxf1 Qxg3+ 27. Kh1
Rxf3 28. Qg2 Qxg2+ 29. Kxg2 Rg3+ 30. Kf2 e5 31. dxe5 Kf7 32. Rg1 Bxe5 33. Rxg3
Bxg3+ 34. Kf3 Ke6 35. a5 Kd6 36. Ra4 Kc5 37. Rb4 a6 38. Rb7 Be5 39. Rb6 d4 40.
b4+ Kd5 41. cxd4 Bxd4 42. Rxa6 Kc4 43. Rb6 Kd5 44. Rb7 c5 45. bxc5 Bxc5 46. a6
Kc6 47. Rh7 1-0

[Event "SR 3. liga A2 2010/2011"]
[Site "?"]
[Date "2011.02.27"]
[Round "9.4"]
[White "Puobis, Jozef"]
[Black "Sturdik, Igor"]
[Result "1/2-1/2"]
[WhiteElo "2071"]
[BlackElo "1949"]
[Annotator ",Gajarsky"]
[PlyCount "38"]
[EventDate "2010.??.??"]
[WhiteTeam "Slovakia"]
[BlackTeam "II"]
[WhiteTeamCountry "SVK"]
[BlackTeamCountry "SVK"]

1. e4 Nf6 2. e5 Nd5 3. Nc3 e6 4. Nf3 Nc6 5. Nxd5 exd5 6. Bb5 Be7 7. O-O O-O 8.
d4 d6 9. Re1 Bd7 10. Bxc6 Bxc6 11. Bf4 Re8 12. Qd3 Qd7 13. exd6 Bxd6 14. Ng5 g6
15. Bxd6 cxd6 16. Qd2 Rxe1+ 17. Rxe1 Re8 18. Rxe8+ Qxe8 19. f3 Bd7 1/2-1/2

[Event "SR 3. liga A2 2010/2011"]
[Site "?"]
[Date "2011.02.27"]
[Round "9.5"]
[White "Brunovsky, Peter"]
[Black "Bahna, Jan"]
[Result "0-1"]
[WhiteElo "1785"]
[BlackElo "1975"]
[PlyCount "110"]
[EventDate "2010.??.??"]
[WhiteTeam "Slovakia"]
[BlackTeam "II"]
[WhiteTeamCountry "SVK"]
[BlackTeamCountry "SVK"]

1. d4 d5 2. Nf3 Nf6 3. Bf4 e6 4. e3 Be7 5. Bd3 Nbd7 6. h3 c5 7. c3 a6 8. Nbd2
c4 9. Bc2 b5 10. a3 Bb7 11. O-O a5 12. Re1 Ne4 13. Ne5 Nxe5 14. Bxe5 Nxd2 15.
Qxd2 f6 16. Bg3 Bd6 17. f4 f5 18. Qe2 O-O 19. Bf2 Kh8 20. Qh5 Bc6 21. Kh1 Be7
22. Qf3 Be8 23. g4 Bg6 24. Qg3 Qe8 25. Rg1 Rg8 26. gxf5 Bxf5 27. Bxf5 exf5 28.
Qf3 Qf7 29. h4 Ra6 30. Rg2 Rh6 31. Rh2 Rh5 32. Rg1 Rb8 33. Ra1 Rb6 34. Rg1 Rbh6
35. Rg3 Rxh4 36. Rgh3 Rxh3 37. Rxh3 Rxh3+ 38. Qxh3 Qe6 39. Qh5 g6 40. Qh6 Kg8
41. Kh2 b4 42. axb4 axb4 43. cxb4 Bxb4 44. Qg5 Qe7 45. Qg1 Qe4 46. Qa1 h5 47.
Qa6 Kf7 48. Qa8 Be7 49. Qh8 Bf6 50. Qa8 Qf3 51. Qb7+ Kg8 52. Qc8+ Kg7 53. Qd7+
Kh6 54. Kg1 h4 55. Qd6 h3 0-1